1443 1757 1637 1748 1984 1072 1136 1043 1466 1826 1835 1899 1011 1308 1190 1532 1550 1627 1075 1708 1369 1583 1556 1638 1758 1791 1183 1276 1447 1916 1629 1270 1737 1366 1271 1871 1854 1146 1079 1432 1247 1428 1911 1625 1290 1995 1988 1097 1161 1536 1537 1073 1861 1801 1003 1777 1454 1681 1911 1723 1846 1119 1982 1557 1681 1576 1500 1609 1868 1301 1642 1121 1283 1461 1107 1394 1901 1785 1730 1024 1434 1628 1248 1295 1647 1987 1674 1386 1909 1150 1030 1969 1057 1813 1095 1197 1437 1463 1063 BCNSPRNW ULIB Ver.6.0+V

เปลี่ยนเป็นภาษาไทย

Change to English
 แสดงรายละเอียดบรรณานุกรม
  กลับหน้าหลัก

Brief Record : Get Marc (ISO 2709) : E-mail record : QR code < ปิดหน้าต่าง
LEADER : 00000nam 2200000uu 4500
001    13399114209
003     ULIB
008    120305s2554||||th 000 0 tha d
020    ^a9789746521994
060 04 ^aWS100^bศ721ก
245 00 ^aกุมารเวชศาสตร์ทันยุค /^cบรรณาธิการ, ศุกระวรรณ อินทรขาว ...
250    ^aพิมพ์ครั้งที่ 1
260    ^aกรุงเทพฯ :^bสาขากุมารเวชศาสตร์ คณะแพทยศาสตร์^c2554
300    ^aviii, 348 หน้า :^bภาพประกอบ ;^c26 ซม.
650  4 ^aกุมารเวชศาสตร์
700 0  ^aศุกระวรรณ อินทรขาว,^eบรรณาธิการ
710 2  ^aมหาวิทยาลัยธรรมศาสตร์. ^bคณะแพทยศาสตร์.
945    ^p450^l0^i18866
995    ^aกัณชพร
999 ^a ใช้งานได้ทุกระบบ
รายการนี้ยังไม่มีแท็ก
คุณยังไม่ได้ล็อกอิน คุณสามารถมีกิจกรรมร่วมกับเว็บไซต์ได้ แต่ต้องล็อกอินก่อน ::
  ล็อกอิน

รายการสื่อสารสนเทศ

ลำดับที่ ประเภท เลขเรียก/บาร์โค้ด สถานที่ สถานะ
1. วิทยาศาสตร์การแพทย์ และสุขภาพ
วิทยาศาสตร์การแพทย์ และสุขภาพ
สถานะ=หนังสือเก่า
WS100 ศ721ก  
  Barcode: 18866
ห้องสมุดวิทยาเขตนครสวรรค์
►ส่วนจัดเก็บหนังสือเก่า นว.
บนชั้น
  ขอยืม

รายการใกล้เคียง
    หัวเรื่อง [กุมารเวชศาสตร์]

BibComment


ยังไม่เคยถูกคอมเมนท์

คอมเมนท์ทรัพยากรรายการนี้
  คอมเมนท์: กุมารเวชศาสตร์ทั..


 Copyright 2026. Bcnsprnw @Library